Professioni svolte da Cricchetto nei Cars Toons - Statistics

Statistiche generali
  • Questo quiz è stato fatto 158 volte
  • Il punteggio medio è 5 su 10
Answers on the Grid
Answers color-coded by a green-red scale on the quiz's grid according to % correct below.
Aeroplano
Astronauta
Attore
Cantante
Chitarrista
Drift car
Giocoliere
Investigatore privato
Meccanico
Medico
Monster Truck
Pilota della Piston Cup
Pittore
Poliziotto
Pompiere
Prete
Spia
Stuntman
Tatuatore
Torero
 
Statistiche sulle risposte
Risposta % Corretto
In Cricchetto astronauta provetto Astronauta
71%
In Cricchetto pilota con brevetto Aeroplano
65%
In Cricchetto monster truck Monster Truck
62%
In Cricchetto investigatore furbetto Investigatore privato
55%
In Cricchetto ninja-carro nervosetto Drift car
51%
In Cricchetto pompiere provetto Pompiere
51%
In Cricchetto torero perfetto Torero
48%
In Cricchetto heavy metal Cantante
46%
In Cricchetto pompiere provetto Medico
45%
In Cricchetto audace d'impatto Stuntman
35%
Nessun quiz corrispondente trovato
Distribuzione punteggi
Percentuale di utenti per punteggio
Percentile per numero di risposta
I tuoi punteggi nel tempo
Non hai fatto questo quiz